God in All Worlds (Record no. 9717)

MARC details
000 -LEADER
fixed length control field 00691nam a2200253 a 4500
020 ## - INTERNATIONAL STANDARD BOOK NUMBER
ISBN 0701122
082 00 - DEWEY DECIMAL CLASSIFICATION NUMBER
Classification number 291.211
Author Cutter VAR
100 ## - MAIN ENTRY--AUTHOR NAME
Author name Vardey, Lucinda
245 ## - TITLE STATEMENT
Title God in All Worlds
Sub title an Anthology of Contemporary Spiritual Writing.
260 ## - PUBLICATION, DISTRIBUTION, ETC. (IMPRINT)
Place of publication London
Name of publisher Chatto and Windus Limited
Year of publication 1995
300 ## - PHYSICAL DESCRIPTION
Number of Pages 877p
500 ## - GENERAL NOTE
General note includes index and biblioraphy
505 2# - FORMATTED CONTENTS NOTE
Formatted contents note Index
650 ## - SUBJECT ADDED ENTRY--TOPICAL TERM
Topical Term Comparative Religion-God
650 ## - SUBJECT ADDED ENTRY--TOPICAL TERM
Topical Term Comparative Religion-Mysticism
942 ## - ADDED ENTRY ELEMENTS (KOHA)
Koha item type Books
700 1# -
-- Vardey, Lucinda
Holdings
Collection code Home library Current library Date acquired Cost, normal purchase price Full call number Accession Number Koha item type
  Henry Martyn Institute Library Henry Martyn Institute Library 03/08/2012 695.00 291.211 VAR 019843 Books
                   Copyright © 2026 | Henry Martyn Institute | Hyderabad | TS-500052 | INDIA | Implemented by hmi.edu.in
Hit-Count:

Powered by Koha